[Event "XII Weekend A"]
[Site "Nichelino ITA"]
[Date "2011.10.08"]
[Round "5"]
[White "Faraoni, Enrico"]
[Black "Pulito, Alberto"]
[Result "1/2-1/2"]
[WhiteElo "2104"]
[BlackElo "2267"]
[PlyCount "58"]
[EventDate "2011.10.06"]

1. e4 d6 2. d4 Nf6 3. Nc3 e5 4. Bg5 Be7 5. f3 h5 6. Bc4 c6 7. a4 Nbd7 8. Nge2
Qa5 9. Bd2 Qc7 10. O-O O-O 11. Be3 exd4 12. Bxd4 Ne5 13. Ba2 Rd8 14. Qe1 d5 15.
exd5 cxd5 16. Rd1 Be6 17. Nf4 Bc5 18. Nxe6 fxe6 19. Nb5 Bxd4+ 20. Nxd4 Re8 21.
Qg3 Nfd7 22. Nxe6 Rxe6 23. Bxd5 Qb6+ 24. Kh1 Nf7 25. a5 Qa6 26. Qc7 Nf6 27.
Bxb7 Ne8 28. Qd7 Nf6 29. Qc7 Ne8 1/2-1/2

[Event "XII Weekend A"]
[Site "Nichelino ITA"]
[Date "2011.10.08"]
[Round "5"]
[White "Gallucci, Alessio"]
[Black "Angelini, Marco"]
[Result "0-1"]
[WhiteElo "2227"]
[BlackElo "2200"]
[PlyCount "80"]
[EventDate "2011.10.06"]

1. e4 c5 2. Nf3 d6 3. Bb5+ Bd7 4. Bxd7+ Qxd7 5. O-O Nc6 6. c3 Nf6 7. d4 Nxe4 8.
d5 Ne5 9. Re1 Nxf3+ 10. Qxf3 Nf6 11. Bg5 Qg4 12. Qxg4 Nxg4 13. Na3 h6 14. Bh4
g5 15. Bg3 Kd7 16. Nc4 Bg7 17. h3 Nf6 18. Rad1 Rhe8 19. Ne3 Nh5 20. Bh2 Rh8 21.
a4 Be5 22. g3 Raf8 23. Nc4 Bg7 24. g4 Nf6 25. Rxe7+ Kxe7 26. Nxd6 Rd8 27. Re1+
Kf8 28. Nxb7 Rxd5 29. Nxc5 Nd7 30. Nb7 Be5 31. Bxe5 Nxe5 32. Kg2 f6 33. b4 Ke7
34. c4 Rd4 35. Na5 Kd7 36. b5 Rc8 37. Rc1 Kc7 38. c5 Rxa4 39. b6+ axb6 40.
cxb6+ Kb8 0-1

[Event "XII Weekend A"]
[Site "Nichelino ITA"]
[Date "2011.10.08"]
[Round "5"]
[White "Guerra, Mirko"]
[Black "Cacinschi, Alexandru"]
[Result "0-1"]
[WhiteElo "1784"]
[BlackElo "1989"]
[PlyCount "102"]
[EventDate "2011.10.06"]

1. g3 Nf6 2. Bg2 e5 3. d3 d5 4. Nf3 Nc6 5. O-O h6 6. Nbd2 Be6 7. c4 Be7 8. cxd5
Nxd5 9. Nc4 Bf6 10. Bd2 Nb6 11. Nxb6 axb6 12. a4 e4 13. dxe4 Bxb2 14. Rb1 Bf6
15. Qc2 O-O 16. e5 Be7 17. Rfd1 Qc8 18. Ra1 Rd8 19. Bc3 Rxd1+ 20. Qxd1 Qd7 21.
Qxd7 Bxd7 22. Nd2 Bb4 23. Bxb4 Nxb4 24. Bxb7 Rxa4 25. Rc1 c5 26. Nc4 Ra7 27.
Bf3 b5 28. Nb6 Bh3 29. Bg2 Bxg2 30. Kxg2 Rb7 31. Nc8 c4 32. Nd6 Rb6 33. Nxc4
bxc4 34. Rxc4 Rb7 35. f4 Nd5 36. Kf2 Nc7 37. h3 Ne6 38. f5 Nc7 39. g4 Kf8 40.
Rc6 Ke8 41. Kf3 Kd8 42. Rd6+ Kc8 43. e6 fxe6 44. fxe6 Ne8 45. Rd4 Re7 46. Re4
Nc7 47. Kf4 Nxe6+ 48. Kf5 Kd7 49. e3 Rf7+ 50. Kg6 Rf6+ 51. Kh7 Ng5+ 0-1

[Event "XII Weekend A"]
[Site "Nichelino ITA"]
[Date "2011.10.08"]
[Round "5"]
[White "Lombardi, Mariano"]
[Black "Bisi, Samuele"]
[Result "0-1"]
[WhiteElo "2061"]
[BlackElo "1998"]
[PlyCount "46"]
[EventDate "2011.10.06"]

1. c4 Nf6 2. g3 e6 3. Bg2 c5 4. Nf3 Nc6 5. O-O Be7 6. Nc3 O-O 7. e4 d5 8. e5
Ng4 9. cxd5 exd5 10. d4 cxd4 11. Nxd4 Bc5 12. Nxc6 bxc6 13. Na4 Bb6 14. Nxb6
Qxb6 15. Bf4 Re8 16. h3 Nxe5 17. Re1 f6 18. Rc1 Bb7 19. Re3 a5 20. Rb3 Qa6 21.
Bf1 Nc4 22. Qd4 c5 23. Qxc4 dxc4 0-1

[Event "XII Weekend A"]
[Site "Nichelino ITA"]
[Date "2011.10.08"]
[Round "5"]
[White "Martin, Tiziano"]
[Black "Topczewski, Damian"]
[Result "0-1"]
[WhiteElo "1948"]
[BlackElo "2189"]
[PlyCount "74"]
[EventDate "2011.10.06"]

1. e4 c5 2. Nf3 Nc6 3. c3 d6 4. Be2 Nf6 5. d3 g6 6. O-O Bg7 7. Nbd2 O-O 8. Qc2
e5 9. Re1 Rb8 10. a4 a6 11. Nf1 b5 12. axb5 axb5 13. Bg5 h6 14. Bxf6 Bxf6 15.
Ne3 Bg7 16. h3 b4 17. Nd2 Be6 18. Ndc4 Qc7 19. Ra6 b3 20. Qd1 Rfd8 21. Qa1 f5
22. Qa4 Ne7 23. Ra7 Rb7 24. Ra1 f4 25. Bg4 Bf7 26. Nf1 d5 27. Ncd2 dxe4 28.
dxe4 Nc8 29. Rxb7 Qxb7 30. Bxc8 Rxc8 31. Nc4 Qxe4 32. Nfd2 Qd3 33. Qxb3 e4 34.
Ra7 Rf8 35. Re7 e3 36. fxe3 fxe3 37. Rxe3 Qxe3+ 0-1

[Event "XII Weekend A"]
[Site "Nichelino ITA"]
[Date "2011.10.08"]
[Round "5"]
[White "Negro, Francesco P."]
[Black "Combina, Gabriele"]
[Result "1-0"]
[WhiteElo "1823"]
[BlackElo "1756"]
[PlyCount "51"]
[EventDate "2011.10.06"]

1. e4 c5 2. Nf3 d6 3. d4 cxd4 4. Nxd4 Nf6 5. Nc3 a6 6. Bg5 e6 7. f4 h6 8. Bh4
Qb6 9. Qd2 Qxb2 10. Rb1 Qa3 11. Bc4 Qc5 12. Qd3 Be7 13. Bf2 Qc7 14. O-O Nc6 15.
Nxc6 Qxc6 16. Rb6 Qc7 17. h3 h5 18. f5 e5 19. Nd5 Nxd5 20. Bxd5 O-O 21. Qb3 Ra7
22. Rb1 Bf6 23. c4 Bg5 24. Qf3 Bf6 25. Qxh5 Bd8 26. g4 1-0

[Event "XII Weekend A"]
[Site "Nichelino ITA"]
[Date "2011.10.08"]
[Round "5"]
[White "Ravazzolo, Gaia"]
[Black "Crepaldi, Manuele"]
[Result "1/2-1/2"]
[WhiteElo "1732"]
[BlackElo "1842"]
[PlyCount "35"]
[EventDate "2011.10.06"]

1. d4 Nf6 2. c4 g6 3. Nc3 Bg7 4. e4 d6 5. Nf3 O-O 6. Be2 e5 7. O-O Nc6 8. d5
Ne7 9. b4 Nh5 10. c5 Nf4 11. Nd2 f5 12. a4 a5 13. Ba3 axb4 14. Bxb4 b6 15. cxb6
cxb6 16. Bb5 fxe4 17. Ndxe4 Nf5 18. Bc6 1/2-1/2

[Event "XII Weekend A"]
[Site "Nichelino ITA"]
[Date "2011.10.08"]
[Round "5"]
[White "Revello, Beatrice"]
[Black "Cirrincione Paze', Paolo"]
[Result "1/2-1/2"]
[WhiteElo "1655"]
[BlackElo "1826"]
[PlyCount "76"]
[EventDate "2011.10.06"]

1. d4 f5 2. e3 Nf6 3. Nf3 e6 4. c4 d5 5. Nbd2 c6 6. Bd3 Bd6 7. b3 O-O 8. Bb2
Ne4 9. Ne5 Nd7 10. Nxd7 Bxd7 11. Nf3 Bb4+ 12. Ke2 Bd6 13. Ne5 Be8 14. Bxe4 fxe4
15. h3 Qf6 16. f4 g5 17. Rf1 Qh6 18. fxg5 Qxg5 19. Rxf8+ Bxf8 20. Qg1 h5 21.
Kd2 Bg6 22. Nxg6 Qxg6 23. g4 hxg4 24. Qxg4 Qxg4 25. hxg4 Be7 26. Ke2 Kg7 27.
Rh1 Rf8 28. Bc3 Kg6 29. Rh5 Rf3 30. Be1 Bd6 31. Bh4 Bg3 32. Rg5+ Kf7 33. Bxg3
Rxg3 34. Kf2 Rf3+ 35. Ke2 Rh3 36. Rh5 Rxh5 37. gxh5 Kf6 38. Kf2 Kg5 1/2-1/2

[Event "XII Weekend A"]
[Site "Nichelino ITA"]
[Date "2011.10.08"]
[Round "5"]
[White "Salerno, Carmine"]
[Black "Manunta, Andrea"]
[Result "0-1"]
[WhiteElo "1666"]
[BlackElo "1770"]
[PlyCount "92"]
[EventDate "2011.10.06"]

1. c4 c5 2. e3 Nf6 3. Nc3 b6 4. d4 d6 5. Nf3 Bb7 6. d5 g6 7. b3 Bg7 8. Bb2 Nbd7
9. Rb1 O-O 10. Be2 a6 11. a4 Qc7 12. O-O h6 13. Qc2 Ne5 14. h3 Nxf3+ 15. Bxf3
Nd7 16. Be2 Rfe8 17. f4 e5 18. Ne4 f5 19. Ng3 exf4 20. exf4 Nf6 21. Bf3 Qd7 22.
Bxf6 Bxf6 23. Rbe1 Bh4 24. Kh2 b5 25. Re2 bxa4 26. bxa4 a5 27. Rfe1 Rxe2 28.
Rxe2 Re8 29. Rxe8+ Qxe8 30. Nxf5 gxf5 31. Qxf5 Bc8 32. Qb1 Be1 33. Qb8 Qf8 34.
g3 Bf5 35. Qc7 Bd3 36. Bg4 Bxc4 37. Be6+ Kh8 38. Qb7 Bxg3+ 39. Kxg3 Qg7+ 40.
Qxg7+ Kxg7 41. Kg4 Bb3 42. Bd7 Bxd5 43. f5 Bb3 44. Kf4 Kf6 45. h4 Bc2 46. Bc8
Bxa4 0-1

[Event "XII Weekend A"]
[Site "Nichelino ITA"]
[Date "2011.10.08"]
[Round "5"]
[White "Yao, Stefano"]
[Black "Benenati, Gianfranco"]
[Result "1-0"]
[WhiteElo "1635"]
[BlackElo "1800"]
[PlyCount "67"]
[EventDate "2011.10.06"]

1. d4 Nf6 2. Nf3 g6 3. c4 Bg7 4. g3 d6 5. Bg2 c6 6. O-O O-O 7. Nc3 Nbd7 8. e4
Qc7 9. h3 e5 10. Be3 Re8 11. d5 c5 12. Nd2 Rf8 13. f4 Ne8 14. f5 a6 15. a4 Ndf6
16. g4 Kh8 17. g5 Nh5 18. f6 Nhxf6 19. gxf6 Nxf6 20. Qe1 Nh5 21. Qh4 f5 22.
exf5 Bxf5 23. Nde4 Qd7 24. Bg5 Rf7 25. Rf2 Raf8 26. Raf1 Kg8 27. b3 b6 28. Be3
Kh8 29. Bg5 Kg8 30. Be3 Kh8 31. Ng5 Rf6 32. Nce4 Kg8 33. Nxf6+ Bxf6 34. Rxf5
1-0

[Event "XII Weekend A"]
[Site "Nichelino ITA"]
[Date "2011.10.09"]
[Round "6"]
[White "Angelini, Marco"]
[Black "Faraoni, Enrico"]
[Result "1-0"]
[WhiteElo "2200"]
[BlackElo "2104"]
[PlyCount "111"]
[EventDate "2011.10.06"]

1. e4 c5 2. Nf3 Nc6 3. d4 cxd4 4. Nxd4 e5 5. Nb5 d6 6. N1c3 a6 7. Na3 b5 8. Nd5
Nce7 9. Bg5 h6 10. Bh4 Be6 11. c4 Bxd5 12. cxd5 g5 13. Bg3 Ng6 14. f3 Bg7 15.
Bd3 N8e7 16. Nc2 O-O 17. Ne3 Nf4 18. O-O Qd7 19. Bf2 f5 20. Bc2 h5 21. exf5 Bf6
22. Qd2 Kh8 23. a4 b4 24. Nc4 Rab8 25. Nb6 Qd8 26. a5 Rg8 27. Be3 Rb7 28. Be4
Qf8 29. Rac1 g4 30. Bxf4 exf4 31. Qxb4 gxf3 32. Rxf3 Qh6 33. Qd2 Qg5 34. Rc2
Nxf5 35. Qxf4 Bd4+ 36. Kh1 Re7 37. Qxf5 Qxf5 38. Rxf5 Rxe4 39. Rxh5+ Kg7 40. g3
Kg6 41. Rh4 Rxh4 42. gxh4 Kh5 43. Rg2 Re8 44. Rd2 Bxb6 45. axb6 Rb8 46. Kg2
Rxb6 47. Kf3 Rb3+ 48. Ke4 Rb4+ 49. Kf5 Rg4 50. Ke6 Rg6+ 51. Kd7 Kxh4 52. Rc2
Kh3 53. Rc6 Kxh2 54. Rxd6 Rg2 55. Rxa6 Rxb2 56. Ra3 1-0

[Event "XII Weekend A"]
[Site "Nichelino ITA"]
[Date "2011.10.09"]
[Round "6"]
[White "Anton, Marian"]
[Black "Bonino, Matteo"]
[Result "0-1"]
[WhiteElo "1488"]
[BlackElo "1851"]
[PlyCount "100"]
[EventDate "2011.10.06"]

1. e4 e6 2. d4 d5 3. e5 c5 4. Be3 cxd4 5. Bxd4 Nc6 6. Nf3 Nxd4 7. Nxd4 Bc5 8.
c3 Qg5 9. Nf3 Qd8 10. Qe2 Bd7 11. b4 Bb6 12. Na3 Ne7 13. Qc2 a6 14. c4 Rc8 15.
c5 Bxc5 16. bxc5 Qa5+ 17. Qd2 Qxa3 18. Rb1 Rxc5 19. Be2 Ba4 20. O-O Rc2 21. Qg5
Rxe2 22. Rxb7 Rb2 23. Ra7 Rb8 24. Qxg7 Rg8 25. Rxe7+ Kxe7 26. Qf6+ Kd7 27.
Qxf7+ Qe7 28. Qh5 Bb5 29. Rc1 Qg7 30. Qh3 Qg4 31. Qxg4 Rxg4 32. h3 Rc4 33. Rb1
Rbc8 34. Kh2 Rc2 35. a4 Bxa4 36. Rb7+ R8c7 37. Rb6 R2c6 38. Rb8 Rc8 39. Rb7+
R6c7 40. Rb6 Bc6 41. Rxa6 Ra8 42. Rb6 Rb7 43. Rxb7+ Bxb7 44. g4 Rf8 45. Ng5
Rxf2+ 46. Kg3 h6 47. Kxf2 hxg5 48. Kg3 d4 49. Kf2 Be4 50. Ke2 Kc6 0-1

[Event "XII Weekend A"]
[Site "Nichelino ITA"]
[Date "2011.10.09"]
[Round "6"]
[White "Barcellona, Antonino"]
[Black "Yao, Stefano"]
[Result "0-1"]
[WhiteElo "1839"]
[BlackElo "1635"]
[PlyCount "90"]
[EventDate "2011.10.06"]

1. e4 c5 2. c3 g6 3. d4 cxd4 4. cxd4 d5 5. exd5 Nf6 6. Nf3 Bg7 7. Bb5+ Bd7 8.
Bc4 O-O 9. O-O Bg4 10. Nc3 Nbd7 11. h3 Bxf3 12. Qxf3 Nb6 13. Bb3 Qd7 14. Bg5
Rfd8 15. Bxf6 Bxf6 16. Rad1 Rac8 17. Rfe1 a5 18. a4 Nc4 19. Re2 Nd6 20. Bc2 Rc4
21. Qf4 b5 22. axb5 Nxb5 23. Nxb5 Qxb5 24. Bd3 Qb3 25. Red2 Rxd4 26. Qc7 Qxd5
27. Qc2 Qd6 28. g3 e5 29. f3 e4 30. fxe4 Qxg3+ 31. Rg2 Qe3+ 32. Qf2 Qxf2+ 33.
Rxf2 Bg7 34. Rf3 Rxe4 35. Rxf7 Kxf7 36. Rf1+ Kg8 37. Bxe4 Bxb2 38. Rb1 Bd4+ 39.
Kg2 a4 40. Rb4 a3 41. Ra4 Bc5 42. Kf3 Rd2 43. Bb1 Kg7 44. Rc4 Bd6 45. Rc2 Rxc2
0-1

[Event "XII Weekend A"]
[Site "Nichelino ITA"]
[Date "2011.10.09"]
[Round "6"]
[White "Benenati, Gianfranco"]
[Black "Ravazzolo, Gaia"]
[Result "1/2-1/2"]
[WhiteElo "1800"]
[BlackElo "1732"]
[PlyCount "94"]
[EventDate "2011.10.06"]

1. e4 c6 2. d4 d5 3. exd5 cxd5 4. c4 Nf6 5. Nc3 Nc6 6. Nf3 e6 7. Bf4 Bd6 8.
Bxd6 Qxd6 9. c5 Qd8 10. Bb5 O-O 11. O-O a6 12. Bxc6 bxc6 13. Ne5 Qc7 14. a3 Nd7
15. f4 f6 16. Nd3 Bb7 17. Qh5 a5 18. Rf3 g6 19. Qh4 Rae8 20. Rh3 Rf7 21. Re1
Ba6 22. f5 g5 23. Qg4 e5 24. dxe5 Nxe5 25. Nxe5 Rxe5 26. Rhe3 Rfe7 27. Qd4 Rxe3
28. Rxe3 Re5 29. g4 Kf7 30. b4 axb4 31. axb4 Bc4 32. Ne4 Kg7 33. Nd6 Qe7 34.
Nxc4 dxc4 35. Rxe5 Qxe5 36. Qxc4 Qe3+ 37. Kg2 Qd2+ 38. Kf3 Qd1+ 39. Qe2 Qd5+
40. Kg3 Qb3+ 41. Kf2 Kf7 42. Qe4 Qb2+ 43. Kf3 Qb3+ 44. Qe3 Qxb4 45. Qe6+ Kg7
46. Qe7+ Kg8 47. Qe8+ Kg7 1/2-1/2

[Event "XII Weekend A"]
[Site "Nichelino ITA"]
[Date "2011.10.09"]
[Round "6"]
[White "Berutti, Mario"]
[Black "Bisi, Riccardo"]
[Result "1-0"]
[WhiteElo "1786"]
[BlackElo "1704"]
[PlyCount "81"]
[EventDate "2011.10.06"]

1. e4 e5 2. Bc4 Nf6 3. Nc3 Bc5 4. f4 d6 5. Nf3 Nc6 6. f5 Ng4 7. d4 exd4 8. Na4
Bb4+ 9. c3 dxc3 10. O-O cxb2 11. Bxb2 O-O 12. Qe2 Re8 13. Nd4 Nf6 14. Nxc6 bxc6
15. Qf3 Nxe4 16. Qh5 d5 17. Bd3 Nf6 18. Qh4 Bd6 19. g4 Be7 20. g5 Ne4 21. f6
Bf8 22. Rad1 g6 23. Bxe4 Qd7 24. Bg2 Ba6 25. Rf3 Be2 26. Rh3 h5 27. Re1 Bg4 28.
Rhe3 c5 29. h3 Qxa4 30. hxg4 Rxe3 31. Rxe3 Rb8 32. Be5 Rb1+ 33. Kh2 Qd1 34. Qg3
hxg4 35. Qf2 c4 36. Bxc7 Qd4 37. Qe2 Qc5 38. Bg3 d4 39. Re5 Qb4 40. Re8 Kh7 41.
Qxg4 1-0

[Event "XII Weekend A"]
[Site "Nichelino ITA"]
[Date "2011.10.09"]
[Round "6"]
[White "Calzolari, Marco"]
[Black "Salerno, Carmine"]
[Result "1-0"]
[WhiteElo "1711"]
[BlackElo "1666"]
[PlyCount "47"]
[EventDate "2011.10.06"]

1. d4 g6 2. c4 Bg7 3. Nc3 Nf6 4. Nf3 O-O 5. Bf4 d6 6. h3 c6 7. Qb3 Qc7 8. e3
Re8 9. c5 b6 10. Bc4 Rf8 11. Ng5 Nbd7 12. Nxf7 bxc5 13. Nxd6+ Nd5 14. Bxd5+
cxd5 15. Qxd5+ Rf7 16. Qxf7+ Kh8 17. Qe8+ Nf8 18. Nf7+ Kg8 19. Bxc7 Bb7 20.
Qxe7 Bxg2 21. Rg1 Bxh3 22. Be5 Be6 23. Bxg7 Kxg7 24. Ng5+ 1-0

[Event "XII Weekend A"]
[Site "Nichelino ITA"]
[Date "2011.10.09"]
[Round "6"]
[White "Cirrincione Paze', Paolo"]
[Black "Davter, Mauro"]
[Result "1-0"]
[WhiteElo "1826"]
[BlackElo "1744"]
[PlyCount "47"]
[EventDate "2011.10.06"]

1. d4 Nf6 2. Nf3 e6 3. Bf4 b6 4. e3 Bb7 5. Bd3 d5 6. Nbd2 Nbd7 7. c3 Be7 8. Ne5
a6 9. Qf3 c5 10. Qh3 Ne4 11. f3 Ng5 12. Qg3 Ne4 13. Qxg7 Rf8 14. fxe4 Nxe5 15.
Bxe5 Qd7 16. Qg4 O-O-O 17. O-O-O c4 18. Bc2 f6 19. Bg3 dxe4 20. Bxe4 Bxe4 21.
Qxe4 Qd5 22. Qxd5 Rxd5 23. Nxc4 b5 24. Nb6+ 1-0

[Event "XII Weekend A"]
[Site "Nichelino ITA"]
[Date "2011.10.09"]
[Round "6"]
[White "Combina, Gabriele"]
[Black "Crepaldi, Manuele"]
[Result "0-1"]
[WhiteElo "1756"]
[BlackElo "1842"]
[PlyCount "46"]
[EventDate "2011.10.06"]

1. d4 Nf6 2. Nf3 g6 3. Nc3 d5 4. Bf4 Bg7 5. e3 c6 6. Be2 Nbd7 7. Ne5 Qa5 8.
Nxd7 Nxd7 9. Qd2 e5 10. dxe5 Nxe5 11. O-O O-O 12. Rfd1 Bf5 13. Bd3 Nxd3 14.
cxd3 d4 15. Ne2 Qxd2 16. Rxd2 dxe3 17. fxe3 Rad8 18. d4 h6 19. Ng3 Be6 20. b3
f5 21. Bc7 Rd7 22. Ba5 f4 23. exf4 Bxd4+ 0-1

[Event "XII Weekend A"]
[Site "Nichelino ITA"]
[Date "2011.10.09"]
[Round "6"]
[White "Davi, Alessandro"]
[Black "Bisi, Samuele"]
[Result "1/2-1/2"]
[WhiteElo "2057"]
[BlackElo "1998"]
[PlyCount "32"]
[EventDate "2011.10.06"]

1. d4 Nf6 2. Nf3 e6 3. c4 c5 4. e3 cxd4 5. exd4 d5 6. c5 b6 7. Bb5+ Bd7 8.
Bxd7+ Nbxd7 9. cxb6 Qxb6 10. O-O Bd6 11. Nc3 O-O 12. Qe2 Rab8 13. b3 Rfc8 14.
Bd2 Ba3 15. g3 Qb7 16. Rab1 h6 1/2-1/2

[Event "XII Weekend A"]
[Site "Nichelino ITA"]
[Date "2011.10.09"]
[Round "6"]
[White "Di Chiara, Mauro"]
[Black "Guerra, Mirko"]
[Result "1/2-1/2"]
[WhiteElo "1966"]
[BlackElo "1784"]
[PlyCount "98"]
[EventDate "2011.10.06"]

1. d4 d5 2. Nf3 e6 3. c4 Nf6 4. g3 c6 5. Bg2 Bd6 6. Nbd2 Nbd7 7. O-O O-O 8. Qc2
b6 9. e4 dxe4 10. Nxe4 Nxe4 11. Qxe4 Bb7 12. Bg5 Be7 13. h4 h6 14. Bxe7 Qxe7
15. Ne5 Nxe5 16. dxe5 Rfd8 17. Rfd1 Rxd1+ 18. Rxd1 Rd8 19. Qc2 Rd7 20. Qa4
Rxd1+ 21. Qxd1 Qe8 22. Qd6 Qc8 23. c5 bxc5 24. Qxc5 a6 25. b4 Qd7 26. Bf3 Qd3
27. Kg2 Qb5 28. Qxb5 axb5 29. Be4 Kf8 30. Kf3 f6 31. exf6 gxf6 32. Ke3 Ke7 33.
f4 f5 34. Bc2 Kd6 35. Kd4 Bc8 36. Bd1 Bd7 37. g4 fxg4 38. Bxg4 Be8 39. h5 Bf7
40. Ke4 Bg8 41. a3 Bf7 42. Be2 Be8 43. f5 exf5+ 44. Kxf5 c5 45. Kf6 cxb4 46.
axb4 Kd5 47. Kg7 Kd4 48. Kxh6 Bxh5 49. Bxh5 Kc4 1/2-1/2

[Event "XII Weekend A"]
[Site "Nichelino ITA"]
[Date "2011.10.09"]
[Round "6"]
[White "Drago, Paolo"]
[Black "D'Agostino, Maurizio"]
[Result "0-1"]
[WhiteElo "1735"]
[BlackElo "2052"]
[PlyCount "124"]
[EventDate "2011.10.06"]

1. d4 d5 2. Nf3 Nc6 3. c4 e5 4. dxe5 d4 5. a3 Nge7 6. e3 Nf5 7. exd4 Nfxd4 8.
Bf4 Bf5 9. Nxd4 Qxd4 10. Qd2 O-O-O 11. Be2 Qb6 12. Qc3 Nd4 13. Bd1 Bxb1 14.
Rxb1 Qg6 15. Rc1 Qxg2 16. Rf1 g5 17. Be3 Qe4 18. f4 Bh6 19. Bg4+ Kb8 20. Bf3
Nxf3+ 21. Rxf3 Rd3 22. Qxd3 Qxd3 23. Bxa7+ Kxa7 24. Rxd3 gxf4 25. Kf2 Bg7 26.
Re1 Re8 27. Kf3 Bxe5 28. Rd5 f6 29. Rd7 Re6 30. Rxh7 Rb6 31. b4 Ra6 32. Kg4
Rxa3 33. Rf1 Rc3 34. c5 Rc4 35. Rb1 b6 36. cxb6+ Kxb6 37. h4 Kc6 38. h5 Kd6 39.
h6 Ke6 40. b5 f5+ 41. Kg5 f3 42. b6 Bf6+ 43. Kh5 Rh4+ 44. Kg6 Rg4+ 45. Kh5 Rg5+
46. Kh4 Rg1+ 47. Kh3 Rxb1 48. bxc7 Rc1 49. Kg3 Rc3 50. c8=Q+ Rxc8 51. Kxf3 Rh8
52. Rxh8 Bxh8 53. h7 Bf6 54. Ke3 Kf7 55. h8=Q Bxh8 56. Kf4 Kg6 57. Kf3 Be5 58.
Ke3 Kg5 59. Kf3 Bd4 60. Kg2 Kg4 61. Kf1 Kg3 62. Ke2 Kg2 0-1

[Event "XII Weekend A"]
[Site "Nichelino ITA"]
[Date "2011.10.09"]
[Round "6"]
[White "Finocchiaro, Gianluca"]
[Black "Gallucci, Alessio"]
[Result "0-1"]
[WhiteElo "2108"]
[BlackElo "2227"]
[PlyCount "46"]
[EventDate "2011.10.06"]

1. Nf3 Nf6 2. b4 a5 3. b5 c5 4. g3 b6 5. Bg2 Bb7 6. O-O e6 7. Bb2 Be7 8. c4 O-O
9. d3 d5 10. Ne5 Qc7 11. Nd2 Nbd7 12. Nxd7 Nxd7 13. e3 Bf6 14. d4 Rfd8 15. Rc1
Rac8 16. Qb3 Qb8 17. a4 Qa8 18. Rfd1 dxc4 19. Bxb7 Qxb7 20. Nxc4 Qb8 21. dxc5
Nxc5 22. Qa3 Bxb2 23. Qxb2 Nd3 0-1

[Event "XII Weekend A"]
[Site "Nichelino ITA"]
[Date "2011.10.09"]
[Round "6"]
[White "Marguati, Massimiano"]
[Black "Lombardi, Mariano"]
[Result "1/2-1/2"]
[WhiteElo "1947"]
[BlackElo "2061"]
[PlyCount "62"]
[EventDate "2011.10.06"]

1. d4 Nf6 2. c4 c6 3. Nc3 d5 4. cxd5 cxd5 5. Bf4 a6 6. Nf3 Nc6 7. e3 Bg4 8. Be2
e6 9. O-O Bd6 10. Bxd6 Qxd6 11. Rc1 O-O 12. h3 Bh5 13. Ne1 Bg6 14. Bd3 Ne4 15.
Nxe4 dxe4 16. Bb1 e5 17. Nc2 exd4 18. Nxd4 Ne5 19. Qe2 Nd3 20. Rc3 Rac8 21.
Rxc8 Rxc8 22. f4 exf3 23. Qxf3 Ne5 24. Qxb7 Rb8 25. Qa7 Rxb2 26. Bxg6 hxg6 27.
Qa8+ Kh7 28. Qe4 Rxa2 29. Rc1 Qf6 30. Rf1 Qd6 31. Rc1 Qf6 1/2-1/2

[Event "XII Weekend A"]
[Site "Nichelino ITA"]
[Date "2011.10.09"]
[Round "6"]
[White "Martin, Tiziano"]
[Black "Negro, Francesco P."]
[Result "1-0"]
[WhiteElo "1948"]
[BlackElo "1823"]
[PlyCount "37"]
[EventDate "2011.10.06"]

1. d4 f5 2. Nf3 Nf6 3. Bg5 Ne4 4. h4 Nxg5 5. hxg5 g6 6. Nbd2 d5 7. e3 c6 8. Bd3
e6 9. Ne5 Bg7 10. f4 Nd7 11. Nxd7 Bxd7 12. Nf3 h5 13. Nh4 Kf7 14. Be2 Be8 15.
Nxg6 Kg8 16. Nxh8 Bxh8 17. Bxh5 Qe7 18. Bxe8 Rxe8 19. Qh5 1-0

[Event "XII Weekend A"]
[Site "Nichelino ITA"]
[Date "2011.10.09"]
[Round "6"]
[White "Moncelli, Giorgio"]
[Black "Cacinschi, Alexandru"]
[Result "1/2-1/2"]
[WhiteElo "2081"]
[BlackElo "1989"]
[PlyCount "56"]
[EventDate "2011.10.06"]

1. e4 e6 2. d4 d5 3. e5 c5 4. c3 Nc6 5. Nf3 Bd7 6. a3 Qb6 7. Be2 Nge7 8. b4
cxd4 9. cxd4 Nf5 10. Bb2 Be7 11. O-O O-O 12. Bd3 f6 13. Bxf5 exf5 14. Nc3 Be6
15. Na4 Qb5 16. Rc1 Rfc8 17. Nc5 Nd8 18. Re1 Bf7 19. Qd3 Qxd3 20. Nxd3 b6 21.
Nf4 g5 22. e6 gxf4 23. exf7+ Kxf7 24. Nh4 Nb7 25. Nxf5 Bf8 26. Rxc8 Rxc8 27.
Rc1 Rxc1+ 28. Bxc1 Nd6 1/2-1/2

[Event "XII Weekend A"]
[Site "Nichelino ITA"]
[Date "2011.10.09"]
[Round "6"]
[White "Pulito, Alberto"]
[Black "Topczewski, Damian"]
[Result "1/2-1/2"]
[WhiteElo "2267"]
[BlackElo "2189"]
[PlyCount "56"]
[EventDate "2011.10.06"]

1. e4 c5 2. c3 d6 3. d4 Nf6 4. dxc5 Nc6 5. Bc4 Ne5 6. Be2 dxc5 7. Qxd8+ Kxd8 8.
f4 Nc6 9. e5 Nd5 10. Nf3 e6 11. O-O Ke8 12. Na3 Bd7 13. Rd1 a6 14. Nc2 h5 15.
Ng5 Nce7 16. c4 Nb6 17. Bd2 Bc6 18. Ba5 Nd7 19. Bf3 Bxf3 20. gxf3 b6 21. Bc3
Ra7 22. Ne3 Nc6 23. f5 Ncxe5 24. f4 Be7 25. Ne4 Nf3+ 26. Kh1 Nd4 27. fxe6 fxe6
28. b3 Rf8 1/2-1/2

[Event "XII Weekend A"]
[Site "Nichelino ITA"]
[Date "2011.10.09"]
[Round "6"]
[White "Raccanello, Ivano"]
[Black "Revello, Beatrice"]
[Result "1/2-1/2"]
[WhiteElo "1799"]
[BlackElo "1655"]
[PlyCount "52"]
[EventDate "2011.10.06"]

1. d4 d5 2. c4 e6 3. Nc3 c6 4. Nf3 Nd7 5. cxd5 exd5 6. Qc2 Ngf6 7. Bf4 Nb6 8.
h3 Bd6 9. Ne5 Qc7 10. Rc1 O-O 11. e3 Re8 12. Nb5 Bb4+ 13. Kd1 Qd8 14. a3 Bf8
15. Nxc6 bxc6 16. Nc7 Bb7 17. Nxa8 Bxa8 18. Bd3 Bd6 19. Re1 Bxf4 20. exf4 Rxe1+
21. Kxe1 h6 22. Kf1 Qd6 23. g3 Kf8 24. Re1 Nfd7 25. b4 Qf6 26. Qe2 Qd8 1/2-1/2